[Event "IECG CN.2000.0.00223"]
[Site "IECG email"]
[Date "2000.11.16"]
[Round "?"]
[White "Colard, Eric"]
[Black "Rosenberger, Jerome"]
[Result "1-0"]
[WhiteElo "800"]
[BlackElo "703"]
[PlyCount "83"]
[EventDate "2000.11.16"]
[EventType "tourn (corr)"]
[EventRounds "6"]
[SourceTitle "Corr 2008"]
[Source "ChessBase"]
[SourceDate "2008.06.24"]
[SourceVersion "1"]
[SourceVersionDate "2008.06.24"]
[SourceQuality "1"]

1. d4 Nf6 2. c4 g6 3. Nc3 Bg7 4. e4 d6 5. Nf3 0-0 6. Be2 e5 7. 0-0 Nc6 8. d5 Bg4 9. Ne1 Nd4 10. Bxg4 Nxg4 11. Qxg4 Qf6 12. Be3 c5 13. Rc1 a6 14. Nd3 b5 15. Bg5 h5 16. Qh4 Nf3+ 17. gxf3 Qxf3 18. Qg3 Qxg3+ 19. fxg3 bxc4 20. Ne1 f6 21. Bd2 Rab8 22. Na4 c3 23. bxc3 Rb7 24. Nf3 f5 25. exf5 Rxf5 26. Ng5 Bh6 27. Rxf5 gxf5 28. Rd1 Rb5 29. Ne6 Bxd2 30. Rxd2 Rb1+ 31. Kg2 e4 32. Nb2 e3 33. Re2 h4 34. Nc4 hxg3 35. hxg3 Rc1 36. Rxe3 Rc2+ 37. Kf3 Rxa2 38. Nxd6 Ra1 39. Nxf5 a5 40. Ng5 Kf8 41. Ne6+ Kg8 42. Nxc5 1-0